Science Quiz

Random Science Quiz

Name the Psychological Theory! Quiz Stats

 Plays Quiz not verified by Sporcle

Score 0/9 Timer 05:00
0 Plays Today
Statement Theory % Correct
'When you hear the word 'Sporcle', you automatically start spouting sports trivia. Interesting...'Classical Conditioning
74.1%
'I believe your attraction to Sporcle is deeply rooted in romantic feelings for your father.'Psychoanalytic Theory
63%
'It seems you continue to play Sporcle because you are rewarded with satisfaction when you win'Operant Conditioning
56.8%
'Your experience of Sporcle as a unified whole, different from the sum of its parts.'Gestalt
24.7%
'If your black bile is too high, you will not win this quiz.'Humorism
21%
'Keep your chin up, be positive, and enjoy life; your Sporcle success will follow naturally'Positive Psychology
21%
'Let me take a good look at your skull. Therein lies the secret of your Sporcle fixation.'Phrenology
21%
'There is more going on than the question and your answer. It's how you think about the question that determines your response.'Cognitivism
16%
'The disruption in your body's magnetic field is responsible for your Sporcle proclivity.'Mesmerism
11.1%

You're not logged in!

Compare scores with friends on all Sporcle quizzes.
OR
Log In

Show Comments

Extras

Top Quizzes Today


Score Distribution

Your Account Isn't Verified!

In order to create a playlist on Sporcle, you need to verify the email address you used during registration. Go to your Sporcle Settings to finish the process.

Report this User

Report this user for behavior that violates our Community Guidelines.

Details: